Statistics for 5 Largest cities in Idaho

Click here to take the quiz!

General Stats

  • This quiz has been taken 12 times
  • The average score is 3 of 5

Answer Stats

Rank Answer % Correct
1Boise
100%
4Idaho Falls
82%
3Nampa
55%
5Pocatello
45%
2Meridan
9%

Score Distribution

Percentile by Number Answered

Percent of People with Each Score

Your Score History

You have not taken this quiz